| 000 | 00799cac a2200217 a 4500 | ||
|---|---|---|---|
| 003 | Co-PeBPM | ||
| 005 | 20241120163048.0 | ||
| 008 | 231129e1997||||xx |||||||||||||| ||spa|| | ||
| 020 | _a9589232388 | ||
| 040 | 0 |
_aCo-PeBPM _bspa _cCo-PeBPM _erda |
|
| 041 | 0 | _aspa | |
| 082 | 0 | 4 | _a572 Z16r |
| 100 | 1 |
_aZapata Olivella, Manuel _d1920-2004 _eautor |
|
| 245 | 0 |
_aLa rebelión de los genes _b: el mestizaje americano en la sociedad futura _c/ Manuel Zapata Olivella |
|
| 260 |
_aBogotá, Colombia _b: Altamir Ediciones _c, 1997 |
||
| 300 |
_a368 páginas _b: _c; 21 centímetros |
||
| 650 | 1 | 4 |
_2LEMB _aMestizaje _vensayos _vconferencias _zAmérica |
| 650 | 1 | 4 |
_2LEMB _aMestizaje indígena _vensayos _vconferencias _zAmérica |
| 650 | 1 | 4 |
_2LEMB _aEtnología _zAmérica |
| 942 |
_2ddc _cBK |
||
| 999 |
_c18069 _d18069 |
||